Responses for Show #3832 - Tuesday, April 10, 2001

Ryan Moore game 5.

Contestants

[<< previous game]

Pete Sekula, a stay-at-home dad from Brookfield, Wisconsin

Doug Kollasch, a college student from Colfax, Iowa

Ryan Moore, a dot-com start-up partner from Venice, California (whose 4-day cash winnings total $29,000)

[next game >>]

Jeopardy! Round responses

CONVENTION-AL WISDOM
LA LA
REALLY BUSY AIRPORTS
(Alex: You have to identify the city served by those airports.)
ON THE FLY
THEY'VE BEEN IN YOUR DEN
TERMS OF ENDEARMENT
    $100 18
Dick Cheney

Doug
    $100 1
"La Bamba"

Ryan
    $100 11
Honolulu

Doug
    $100 16
eyes

Ryan
    $100 26
Greg

Pete
    $100 6
Honey

Doug
    $200 19
frontier

Pete
    $200 2
La Mancha

Doug
    $200 12
Peking/Beijing

Doug
    $200 17
head

Pete
    $200 27
Jon Stewart

Doug
    $200 7
Baby

Pete
    $300 20
smoke-filled room

Pete
    $300 3
La Paz

Ryan
    $300 13
Munich

Doug
    $300 23
(Doug: What are antennae?)

wings

RyanDoug
    $300 28
Michael Richards

Ryan
    $300 8
Angel

Pete
    $400 21
Michael Dukakis

Ryan
    $400 4
(Doug: What is Gigi?)

La Cage aux Folles

DougPete
    $400 14
Brussels

Pete
    $400 24
mosquito

Doug
    $400 29
(Ryan: Who is Leeza Gibbon?)

Leeza Gibbons

RyanDoug
    $400 9
Pumpkin

Doug
    $600 22
Dwight D. Eisenhower

Ryan
    $500 5
Fiorello La Guardia

Ryan
    $500 15
London

Doug
    $500 25
horseflies

Ryan
    $500 30
Loretta Young

Pete
    $500 10
Sweetheart

Triple Stumper

Scores at the first commercial break (after clue 15):

Ryan Doug Pete
$900 $1,400 $1,300

Scores at the end of the Jeopardy! Round:

Ryan Doug Pete
$2,700 $2,200 $2,600

Double Jeopardy! Round responses

MALTA BOUND
COUNTRY STARS
LOOK WHO'S TALKING
STATE PARKS
NOTORIOUS
GOIN' "PRO"
    $200 6
(Ryan: What is a falcon?)

a dog

RyanDoug
    $200 16
(Pete: Who is Judd?)
(Alex: Which one?)
(Pete: Naomi Judd?)

Wynonna Judd

RyanPete
    $200 1
Moby-Dick

Ryan
    $200 17
Lewis & Clark

Ryan
    $200 19
hit

Ryan
    $200 11
propose

Doug
    $400 7
Holy Roman Emperor

Doug
    $400 22
Billy Ray Cyrus

Pete
    $400 2
Are You There God? It's Me, Margaret

Doug
    $400 18
buffalo/bison

Ryan
    $400 21
schoolteacher

Ryan
    $400 12
proboscis

Ryan
    $600 8
World War II

Ryan
    $600 23
Kenny Rogers

Pete
    $600 3
The Stranger

Triple Stumper
    $700 20
Pancho Villa

Ryan
    $600 26
Clanton

Triple Stumper
    $600 13
the Prodigal Son

Ryan
    $800 9
Admiral Nelson

Doug
    $800 24
(Alex: Minute to go.)

Tim McGraw & Faith Hill

Doug
    $600 4
(Doug: No idea.)

Sophie's Choice

Doug
    $800 29
(Pete: What is Hawaii?)
[The end-of-round signal sounds.]

Arkansas

Pete
Triple Stumper
    $800 27
Papillon

Pete
    $800 14
The Producers

Pete
    $1000 10
Paul

Ryan
    $1000 25
Kathy Mattea

Triple Stumper
    $1000 5
My Ántonia

Ryan
    $1000 28
(Ryan: Who is Father Flanagan?)

Father Charles Coughlin

RyanPete
    $1000 15
Prozac

Doug

Scores at the end of the Double Jeopardy! Round:

Ryan Doug Pete
$7,400 $5,400 $5,200

[wagering suggestions for these scores]

Final Jeopardy! Round responses

FILMS & AUTHORS
[How the Grinch Stole Christmas was released in 2000.]
(Alex: You have your choice of a lot of brand-new cars, as opposed to second-hand cars--what have you selected?)
(Ryan: I'm going to go for the Corvette.)
PeteWho is Clarke
$5,200
DougWho is Dr. Seuss?
$5,001
RyanWho is Dr. Seuss
$3,400
Dr. Seuss

Final scores:

Ryan Doug Pete
$10,800 $10,401 $0
5-day champion: $39,800 2nd place: a trip on a Sanyo Blimp in the U.S. 3rd place: a Meade EFX90 Autostar telescope

Game dynamics:

Coryat scores:

Ryan Doug Pete
$7,200 $6,000 $5,200
21 R
(including 2 DDs),
3 W
18 R,
3 W
(including 1 DD)
14 R,
2 W

Combined Coryat: $18,400

[game clues] [game scores] [suggest correction]

Game tape date: 2000-12-14
The J! Archive is created by fans, for fans. Scraping, republication, monetization, and malicious use prohibited; this site may use cookies and collect identifying information. See terms. The Jeopardy! game show and all elements thereof, including but not limited to copyright and trademark thereto, are the property of Jeopardy Productions, Inc. and are protected under law. This website is not affiliated with, sponsored by, or operated by Jeopardy Productions, Inc. Join the discussion at JBoard.tv.